000 01164nam a22003375a 4500
001 15637431
003 EG-ScBUE
005 20220901142752.0
008 090225t2009 mau f 000 0 eng d
020 _a9783764399382 (alk. paper)
040 _aDLC
_beng
_erda
_cDLC
_dEG-ScBUE
082 0 4 _222
_a720.47
_bCON
100 1 _aContal, Marie-Helene,
_eauthor.
_913298
245 1 0 _aSustainable design :
_btowards a new ethic in architecture and town planning /
_cMarie-Helene Contal, Jana Revedin ; foreword by Thomas Herzog.
264 1 _aBasel :
_bBirkhaeuser,
_c[2009]
264 4 _cc2009
300 _a179 pages :
_bcolor illustrations ;
_c24 cm
336 _2rdacontent
_atext
_btxt
337 _2rdamedia
_aunmediated
_bn
338 _2rdacarrier
_avolume
_bnc
500 _aIncludes appendix.
650 7 _aSustainable architecture.
_913299
_2BUEsh
650 7 _aSustainable urban development.
_913300
_2BUEsh
651 _2BUEsh
653 _bENGARC
655 _vReading book
_934232
700 1 _aRevedin, Jana,
_eauthor.
_913301
700 1 _aHerzog, Thomas,
_eauthor of introduction, etc.
_913302
942 _2ddc
_cBB
999 _c13828
_d13828